000 00543nam a2200205Ia 4500
005 20250508162522.0
008 008 250505s9999 xx 000 0 eng d
037 _aTextBook
040 _aFEDL
_beng
_cFEDL
041 _aeng
_2eng
084 _a907, KOC
_qFEDL
100 _aKochhar S K
245 0 _aTeaching of history
260 _aNew Delhi, India
_bSterling Publishers
_c1984
300 _axvi,393p
365 _aINR
_b60
650 _aHistory - Teaching
_9757271
942 _cTB
_h907, KOC
999 _c1377051
_d1377051